000 00488cam a2200193ua 4500
001 7105
008 141125n ii |||gr||||Z||||||eng
020 _a9789380261539
040 _cMAIN
041 _aeng
082 _a338
100 _aDas, Manmohan,
_eAuthor.
245 1 _aPeasant agriculture in Assam :
_bStructural analysis /
_cBy Manmohan Das .
250 _a1st.
260 _aGuwahati:
_bEBH,
_c2012.
300 _axxiv,317p.
653 _aAgricultural economics
942 _cBK
999 _c6232
_d6232